[Event "Tourn. n9453"]
[Site "www.chess-mail.com"]
[Date "2017.10.10"]
[Round "1"]
[White "Julian"]
[Black "Vios"]
[WhiteElo "1520"]
[BlackElo "1559"]
[Result "0-1"]
[Round "1"]
1.e4 c6
2.d4 d5
3.e5 c5
4.c3 Nb8c6
5.Ng1f3 Bc8g4
6.Bf1e2 e6
7.O-O Qd8b6
8.Nb1a3 Bg4xf3
9.Be2xf3 cxd4
10.cxd4 Qb6xd4
11.Qd1xd4 Nc6xd4
12.Bc1e3 Nd4xf3
13.gxf3 Bf8xa3
14.bxa3 Kd7
15.Rf1c1 Ng8e7
16.Be3c5 Ne7c6
17.f4 Ra8c8
18.Bc5d6 Nc6d4
19.Rc1xc8 Rh8xc8
20.Kg2 Nd4f5
21.Ra1b1 b6
22.a4 Nf5xd6
23.exd6 Kxd6
24.a5 Rc8c6
25.axb6 axb6
26.a4 d4
27.Kf1 Kd5
28.f3 d3
29.Ke1 Kd4
30.Kd2 Rc6c2
31.Kd1 Rc2xh2
32.Rb1xb6 Ke3
33.Kc1 d2
34.Kd1 Rh2h1
{ resign }
0-1

[Event "Tourn. n9505"]
[Site "www.chess-mail.com"]
[Date "2017.10.10"]
[Round "1"]
[White "Welberth"]
[Black "Dussek"]
[WhiteElo "1900"]
[BlackElo "1880"]
[Result "1-0"]
[Round "1"]
1.d4 d5
2.c4 e5
3.Nb1c3 dxc4
4.d5 Ng8f6
5.e4 Bf8d6
6.Bf1xc4 O-O
7.Ng1e2 Bc8g4
8.O-O Nb8d7
9.f4 exf4
10.Bc1xf4 Nd7e5
11.Bc4b3 Nf6h5
12.Qd1d2 Nh5xf4
13.Ne2xf4 a6
14.Ra1c1 Ra8c8
15.Nc3e2 Bd6c5
16.Rc1xc5 Qd8g5
17.Qd2d4 Bg4xe2
18.Nf4xe2 Rc8d8
19.Rc5xc7 Ne5c6
20.Qd4f2 Nc6e5
21.Ne2f4 Ne5g4
22.Qf2g3 h6
23.h4 Qg5e5
24.Rc7xb7 Ng4f6
25.Qg3f3 Nf6xe4
26.Rf1e1 Qe5d4
27.Qf3e3 Qd4xe3
28.Re1xe3 Ne4d2
29.Re3e7 Nd2xb3
30.Rb7xb3 Rd8c8
31.Rb3c3 Rc8b8
32.Rc3c7 Rb8xb2
33.Nf4g6 Rb2b1
34.Kh2 Rb1b6
35.Ng6xf8 Kxf8
36.Re7xf7 Ke8
37.Rf7xg7 Kf8
38.Rc7b7 Rb6d6
39.Rg7d7 { resign }
1-0

[Event "Tourn. n9442"]
[Site "www.chess-mail.com"]
[Date "2017.10.10"]
[Round "1"]
[White "Azulmarino"]
[Black "Julian"]
[WhiteElo "1570"]
[BlackElo "1470"]
[Result "0-1"]
[Round "1"]
1.e4 d6
2.Bf1c4 e6
3.Nb1c3 Ng8f6
4.d3 Bf8e7
5.Bc1e3 Nb8d7
6.Ng1f3 O-O
7.Qd1d2 e5
8.Nf3h4 Rf8e8
9.Nc3d5 Nf6xd5
10.Bc4xd5 Be7xh4
11.g3 Bh4e7
12.h4 c6
13.Bd5c4 Nd7f8
14.Qd2e2 Bc8e6
15.Bc4xe6 Nf8xe6
16.Qe2g4 Be7f8
17.Be3g5 Ne6xg5
18.hxg5 g6
19.Qg4h4 Bf8g7
20.Qh4xh7 Kf8
21.Qh7h4 d5
22.O-O-O Qd8a5
23.Qh4g4 Qa5xa2
24.Rh1h7 Qa2a1
25.Kd2 Qa1xb2
26.Qg4d7 Ra8d8
27.Qd7c7 Qb2b4
28.Ke2 dxe4
29.Rd1h1 exd3
30.cxd3 Qb4g4
31.Kd2 e4
32.Rh7h8 Bg7xh8
33.Rh1xh8 Kg7
34.Rh8h1 Rd8xd3
35.Kc2 Qg4e2
36.Kc1 Rd3c3
37.Kb1 Qe2c2
38.Ka1 Rc3a3
{ resign }
0-1

[Event "Tourn. n9512"]
[Site "www.chess-mail.com"]
[Date "2017.10.10"]
[Round "1"]
[White "Xkafi"]
[Black "Bigrezi"]
[WhiteElo "2030"]
[BlackElo "2120"]
[Result "0-1"]
[Round "1"]
1.e4 e5
2.Bf1c4 Ng8f6
3.d3 c6
4.a3 d5
5.exd5 cxd5
6.Bc4a2 Nb8c6
7.h3 Bf8c5
8.Ng1f3 Bc5e7
9.O-O O-O
10.Nb1c3 d4
11.Nc3e4 Nf6xe4
12.dxe4 Qd8d6
13.Qd1e2 Bc8e6
14.b3 f5
15.Nf3g5 Be7xg5
16.Bc1xg5 f4
17.f3 Qd6xa3
18.Qe2b5 Rf8c8
19.Rf1c1 a6
20.Qb5xb7 Ra8b8
{ resign }
0-1

[Event "Tourn. n9460"]
[Site "www.chess-mail.com"]
[Date "2017.10.10"]
[Round "1"]
[White "Rons"]
[Black "Numanoid"]
[WhiteElo "2570"]
[BlackElo "2430"]
[Result "1-0"]
[Round "1"]
1.e4 e6
2.d4 d5
3.Nb1c3 Ng8f6
4.Bc1g5 dxe4
5.Nc3xe4 Bf8e7
6.Bg5xf6 gxf6
7.Ng1f3 f5
8.Ne4c3 Be7f6
9.Qd1d2 c5
10.d5 O-O
11.O-O-O e5
12.h4 Nb8d7
13.Rh1g1 Nd7b6
14.g4 fxg4
15.Nf3h2 Bf6g7
16.Nh2xg4 Bc8xg4
17.Rg1xg4 f5
18.Rg4g5 Qd8f6
19.a4 Kh8
20.d6 Bg7h6
21.Kb1 Ra8d8
22.a5 Nb6d7
23.Qd2d5 Bh6xg5
24.hxg5 Qf6xg5
25.Qd5xb7 Qg5g7
26.Qb7xa7 Rd8a8
27.Qa7c7 Rf8c8
28.Bf1b5 Nd7f6
29.Qc7b6 { resign }
1-0

[Event "Tourn. n9530"]
[Site "www.chess-mail.com"]
[Date "2017.10.10"]
[Round "1"]
[White "Cal"]
[Black "Begory"]
[WhiteElo "1700"]
[BlackElo "1409"]
[Result "1-0"]
[Round "1"]
1.c4 d5
2.cxd5 Qd8xd5
3.Nb1c3 Qd5d8
4.d4 Ng8f6
5.h3 Bc8f5
6.e3 Nb8c6
7.f3 Nc6b4
8.Bc1d2 Nb4c2
9.Kf2 Nc2xa1
10.Qd1xa1 e6
11.a3 Bf8d6
12.b4 O-O
13.e4 Bf5g6
14.Bf1d3 e5
15.d5 Qd8d7
16.Ng1e2 c6
17.dxc6 Qd7xc6
18.Rh1c1 Qc6b6
19.Bd2e3 Qb6d8
20.Bd3c4 Ra8c8
21.Nc3b5 a6
22.Nb5xd6 Qd8xd6
23.Be3c5 Rc8xc5
24.bxc5 Qd6xc5
25.Kf1 Rf8d8
26.Bc4xf7 Bg6xf7
27.Rc1xc5 { resign }
1-0

[Event "Tourn. n9472"]
[Site "www.chess-mail.com"]
[Date "2017.10.10"]
[Round "1"]
[White "Attatroll"]
[Black "Sorim"]
[WhiteElo "2010"]
[BlackElo "1930"]
[Result "0-1"]
[Round "1"]
1.e4 e5
2.Ng1f3 Ng8f6
3.Bf1c4 Bf8c5
4.O-O O-O
5.d3 d6
6.Bc1e3 Bc8g4
7.h3 Bg4e6
8.Bc4xe6 fxe6
9.Nb1c3 Nb8d7
10.a3 a6
11.b4 Bc5a7
12.Be3xa7 Ra8xa7
13.Nc3e2 Nf6h5
14.Ne2g3 Nh5f4
15.Rf1e1 Nd7b8
16.c4 Nb8c6
17.b5 axb5
18.cxb5 Nc6d4
19.Nf3xd4 exd4
20.Qd1d2 c5
21.e5 dxe5
22.Ng3e4 b6
23.Kh2 Ra7f7
24.f3 Rf7f5
25.a4 Qd8h4
26.a5 bxa5
27.Ra1xa5 Nf4xg2
28.Qd2xg2 Qh4xe1
29.Ra5a7 Rf5f7
30.Ra7a6 Rf7xf3
31.Ra6a7 g6
32.Ra7a8 Rf3xd3
33.Ne4f6 Kg7
34.Qg2b7 Rf8f7
35.Nf6e8 Kh6
36.Qb7xf7 Qe1g3
37.Kh1 Rd3d1
38.Qf7f1 Rd1xf1
{ resign }
0-1

[Event "Match"]
[Site "www.echecsemail.com"]
[Date "2017.10.10"]
[Round "1"]
[White "Apdash"]
[Black "Bstev"]
[WhiteElo "2049"]
[BlackElo "2119"]
[Result "0-1"]
[Round "1"]
1.d4 d5
2.Ng1f3 Ng8f6
3.c4 c6
4.cxd5 cxd5
5.Nb1c3 Nb8c6
6.Bc1g5 Nf6e4
7.Nc3xe4 dxe4
8.Nf3e5 Nc6xe5
9.dxe5 Qd8a5
10.Bg5d2 Qa5xe5
11.Bd2c3 Qe5d6
12.Qd1a4 Qd6c6
13.Qa4a5 e3
14.O-O-O Bc8e6
15.fxe3 b6
16.Qa5e5 Be6xa2
17.Rh1g1 e6
18.g3 Ba2d5
19.e4 Bd5b3
20.Rd1d3 b5
21.e3 b4
22.Rd3d4 a6
23.Qe5a5 bxc3
24.bxc3 Bf8c5
25.Bf1g2 e5
26.Rd4d3 O-O
27.Rg1e1 Ra8b8
28.Rd3d5 Bc5b4
29.Qa5a1 Bb4xc3
{ resign }
0-1

[Event "Match"]
[Site "www.echecsemail.com"]
[Date "2017.10.10"]
[Round "1"]
[White "Jesmantiz"]
[Black "Apdash"]
[WhiteElo "2240"]
[BlackElo "2049"]
[Result "1/2-1/2"]
[Round "1"]
1.d4 d5
2.e3 Ng8f6
3.Bf1d3 Nb8d7
4.f4 c5
5.c3 Nf6e4
6.Ng1f3 e6
7.O-O Bf8e7
8.Nb1d2 f5
9.Nf3e5 Nd7xe5
10.fxe5 Be7g5
11.Nd2f3 cxd4
12.Nf3xg5 Ne4xg5
13.exd4 Ng5e4
14.Qd1h5 g6
15.Qh5h6 Qd8e7
16.Bd3xe4 dxe4
17.Bc1g5 Qe7f7
18.Ra1e1 Qf7f8
19.Qh6h3 h6
20.Bg5f6 Rh8h7
21.Re1d1 Bc8d7
22.c4 Qf8b4
23.b3 b5
24.c5 Bd7c6
25.g4 Bc6d5
26.gxf5 exf5
27.Rf1f2 a5
28.Bf6g5 a4
29.Bg5xh6 axb3
30.axb3 Ra8a3
31.Qh3h4 Qb4xb3
32.Rd1c1 e3
33.Rf2e2 Ra3a2
34.Qh4g5 Rh7xh6
35.Qg5xh6 Ra2xe2
36.Qh6xg6 Bd5f7
37.Qg6c6 Kf8
38.Rc1a1 Re2a2
39.Qc6d6 Kg8
40.Qd6d8 Kg7
41.Qd8f6 Kg8
42.Qf6d8 Kg7
{ draw }
1/2-1/2

[Event "Match"]
[Site "www.echecsemail.com"]
[Date "2017.10.10"]
[Round "1"]
[White "Dussek"]
[Black "Sonny1000"]
[WhiteElo "1760"]
[BlackElo "1530"]
[Result "1-0"]
[Round "1"]
1.e4 e5
2.f4 exf4
3.Ng1f3 f6
4.Bf1c4 Qd8e7
5.d3 g5
6.Nb1c3 c6
7.Qd1e2 Nb8a6
8.a3 b5
9.Bc4a2 Ng8h6
10.h3 g4
11.hxg4 Nh6xg4
12.Bc1xf4 Na6c5
13.O-O-O h5
14.Nf3h4 Qe7h7
15.Nh4f5 Nc5e6
16.Bf4d6 Ne6d4
17.Nf5xd4 Qh7g7
18.Bd6c7 Qg7g5
19.Kb1 Ng4e3
20.Rd1g1 h4
21.Nd4f3 Qg5c5
22.d4 Qc5h5
23.Rh1xh4 Qh5g6
24.Rh4xh8 Qg6g7
25.Rh8g8 Qg7h6
26.Bc7d6 Qh6h7
27.Rg8xf8 { resign }
1-0

[Event "Match"]
[Site "www.echecsemail.com"]
[Date "2017.10.10"]
[Round "1"]
[White "Sonny1000"]
[Black "Cal"]
[WhiteElo "1560"]
[BlackElo "1640"]
[Result "1-0"]
[Round "1"]
1.e4 e5
2.c4 Ng8f6
3.f3 h6
4.a4 a6
5.Qd1b3 Nb8c6
6.Qb3e3 b6
7.f4 d6
8.fxe5 dxe5
9.Qe3d3 Bc8b7
10.Qd3xd8 Ra8xd8
11.d3 Nc6d4
12.Kd1 Bf8b4
13.Ng1f3 Bb7xe4
14.Nf3xe5 Be4f5
15.Ne5c6 Nd4xc6
16.Bc1f4 Nc6d4
17.Bf4xc7 Rd8d7
18.Bc7e5 Nf6g4
19.Kc1 Ng4e3
20.Be5xg7 Rh8h7
21.Bg7xd4 Rd7xd4
22.a5 f6
23.axb6 Bf5xd3
24.Bf1xd3 Rd4xd3
25.Ra1xa6 Ne3xc4
26.Ra6a8 Kf7
27.b7 Nc4e3
28.Nb1d2 Bb4xd2
29.Kb1 Kg6
30.b8Q Ne3f5
31.Kc2 Rd3d7
32.Kb1 Rh7g7
33.Qb8e8 Kg5
34.Rh1d1 Rd7d6
35.g3 Bd2b4
36.Rd1xd6 Bb4xd6
37.h4 Kg4
38.Qe8e6 Bd6xg3
39.Qe6xf6 Bg3xh4
40.Ra8a4 { resign }
1-0

[Event "Match"]
[Site "www.echecsemail.com"]
[Date "2017.10.10"]
[Round "1"]
[White "Rindrandria"]
[Black "Ranjachess"]
[WhiteElo "1750"]
[BlackElo "1870"]
[Result "1-0"]
[Round "1"]
1.e3 e5
2.a3 Nb8c6
3.Qd1f3 Ng8f6
4.h4 Bf8c5
5.Bf1c4 d5
6.Bc4a2 b6
7.b4 e4
8.Qf3e2 Bc5d6
9.Qe2b5 Bc8d7
10.Ba2xd5 Nc6d4
11.Qb5c4 Nd4xc2
12.Qc4xc2 Nf6xd5
13.Qc2xe4 Bd7e6
14.Bc1b2 O-O
15.h5 h6
16.g4 Nd5f6
17.Qe4g2 Nf6xg4
18.f3 Ng4f6
19.Ng1e2 a5
20.Rh1g1 g5
21.hxg6 Qd8e7
22.gxf7 Kxf7
23.Qg2g6 
1-0

[Event "1/128 Finale"]
[Site "www.chess-mail.com"]
[Date "2017.10.10"]
[Round "1"]
[White "Julian"]
[Black "Esperanza"]
[WhiteElo "1590"]
[BlackElo "1880"]
[Result "1-0"]
[Round "1"]
1.e4 c5
2.Ng1f3 d6
3.d4 cxd4
4.Nf3xd4 Ng8f6
5.Nb1c3 e6
6.Bf1d3 a6
7.O-O Bf8e7
8.Bc1e3 O-O
9.f3 b5
10.a3 Bc8b7
11.Qd1d2 Qd8c7
12.Ra1d1 Nb8c6
13.Rf1e1 Nc6e5
14.Bd3f1 Ne5c4
15.Bf1xc4 Qc7xc4
16.g4 Ra8c8
17.Re1e2 b4
18.Nc3a4 Qc4c7
{ time. }
1-0

[Event "Eq:Super Chess Team-Tigers of Istanbul : "]
[Site "www.chess-mail.com"]
[Date "2017.10.10"]
[Round "1"]
[White "Antuan72"]
[Black "Orhany24"]
[WhiteElo "1970"]
[BlackElo "2140"]
[Result "1/2-1/2"]
[Round "1"]
1.e4 e5
2.Ng1f3 Nb8c6
3.Bf1b5 a6
4.Bb5a4 Ng8f6
5.O-O b5
6.Ba4b3 Bf8e7
7.Rf1e1 d6
8.h3 Nc6a5
9.c3 Na5xb3
10.Qd1xb3 Bc8e6
11.Qb3c2 c5
12.d4 Qd8c7
13.d5 Be6d7
14.Bc1e3 h6
15.Nb1d2 O-O
16.a3 Nf6h7
17.Nd2f1 f5
18.exf5 Bd7xf5
19.Qc2d2 Nh7f6
20.Nf1g3 Bf5h7
21.Nf3h2 Ra8e8
22.f3 Be7d8
23.Be3f2 Qc7f7
24.Ra1d1 g5
25.Ng3f1 Kh8
26.b3 Nf6h5
27.c4 Nh5f4
28.Re1e3 Qf7h5
29.Nf1g3 Qh5g6
30.Rd1e1 Rf8f7
31.Ng3e4 Re8f8
32.Bf2g3 Nf4h5
33.Bg3f2 Nh5g7
34.Re3e2 Ng7f5
35.Kh1 Nf5d4
36.Bf2xd4 cxd4
37.Qd2d3 Rf7b7
38.cxb5 Rb7xb5
39.Re1c1 Rb5xd5
40.Rc1c8 Qg6e6
41.Re2c2 Bh7xe4
42.fxe4 Rd5c5
43.Rc8xc5 dxc5
44.Rc2xc5 Bd8e7
45.Rc5c4 Be7xa3
46.Qd3c2 a5
47.Rc4c6 Ba3d6
48.Qc2c4 Qe6e7
49.Rc6c8 Kg7
50.Rc8xf8 Qe7xf8
51.Qc4e6 Qf8f6
52.Qe6d7 Kg6
53.Qd7e8 Qf6f7
54.Qe8xf7 Kxf7
55.Nh2f3 Kf6
56.Kg1 Bd6b4
57.Kf2 Bb4c3
58.g4 Bc3b2
59.Ke2 Ke6
60.Kd3 Kd6
61.Kc4 Bb2c3
62.Nf3g1 Bc3d2
63.Ng1f3 Bd2b4
64.Kd3 Bb4c3
65.Kc4 Bc3b4
66.Kd3 Bb4c3
{ draw }
1/2-1/2

[Event "Eq:Slap Shot Mates-Tigers of Istanbul : "]
[Site "www.chess-mail.com"]
[Date "2017.10.10"]
[Round "1"]
[White "Danquigley"]
[Black "Orhany24"]
[WhiteElo "2590"]
[BlackElo "2120"]
[Result "1-0"]
[Round "1"]
1.e4 e5
2.Ng1f3 Nb8c6
3.Nb1c3 Ng8f6
4.Bf1b5 d6
5.O-O Bc8g4
6.h3 Bg4h5
7.g4 Bh5g6
8.d4 a6
9.Bb5xc6 bxc6
10.dxe5 Nf6xe4
11.Nc3xe4 Bg6xe4
12.exd6 cxd6
13.Rf1e1 d5
14.Nf3g5 Bf8e7
15.Ng5xe4 dxe4
16.Qd1xd8 Ra8xd8
17.Re1xe4 Rd8d7
18.Bc1e3 O-O
19.Re4a4 Rf8a8
20.Ra1e1 Be7h4
21.g5 { resign }
1-0

[Event "Tourn. n9412"]
[Site "www.chess-mail.com"]
[Date "2017.10.11"]
[Round "1"]
[White "Rons"]
[Black "Jaroslavpech"]
[WhiteElo "2570"]
[BlackElo "2300"]
[Result "1-0"]
[Round "1"]
1.e4 c5
2.Ng1f3 Nb8c6
3.d4 cxd4
4.Nf3xd4 Ng8f6
5.Nb1c3 e5
6.Nd4b5 d6
7.Bc1g5 a6
8.Nb5a3 b5
9.Bg5xf6 gxf6
10.Nc3d5 f5
11.Bf1d3 Bc8e6
12.O-O Be6xd5
13.exd5 Nc6e7
14.c3 Bf8g7
15.Qd1h5 e4
16.Bd3c2 O-O
17.Ra1e1 Qd8c8
18.Kh1 Ra8b8
19.f3 b4
20.fxe4 bxa3
21.exf5 Rf8e8
22.f6 Ne7g6
23.Re1xe8 Qc8xe8
24.fxg7 axb2
25.Qh5f5 Rb8b7
26.Bc2d3 Qe8d7
27.Qf5xd7 Rb7xd7
28.Rf1b1 Ng6e5
29.Bd3e2 Rd7b7
30.Kg1 a5
31.a4 Rb7b3
32.Kf2 Kxg7
33.Ke1 Rb3xc3
34.Rb1xb2 Ne5d7
35.Rb2b7 Nd7c5
36.Rb7a7 Rc3a3
37.Be2b5 Ra3a2
38.h4 Ra2xg2
39.Ra7xa5 Rg2h2
40.Ra5a8 Rh2xh4
41.a5 Rh4b4
42.Bb5f1 Rb4a4
43.a6 Nc5e4
44.Bf1d3  { time }
1-0

[Event "Tourn. n9517"]
[Site "www.chess-mail.com"]
[Date "2017.10.11"]
[Round "1"]
[White "Norlavuaram"]
[Black "Attatroll"]
[WhiteElo "2070"]
[BlackElo "1970"]
[Result "1-0"]
[Round "1"]
1.e4 d6
2.d4 Ng8f6
3.Bf1d3 g6
4.Ng1e2 Bf8g7
5.O-O O-O
6.c4 c6
7.Nb1c3 Nb8a6
8.a3 Na6c7
9.f4 Bc8g4
10.h3 Bg4d7
11.e5 Nf6e8
12.g4 dxe5
13.fxe5 Nc7e6
14.Bc1e3 Ne8c7
15.Bd3e4 Qd8c8
16.Ra1c1 Ne6d8
17.b4 Bd7xg4
18.hxg4 Qc8xg4
19.Be4g2 Nd8e6
20.Ne2f4 Qg4g3
21.Qd1f3 Qg3xf3
22.Rf1xf3 Ne6g5
23.Rf3g3 Nc7e6
24.Nf4xe6 Ng5xe6
25.Kf2 a5
26.b5 cxb5
27.Nc3xb5 Ra8b8
28.Nb5c3 Rf8d8
29.Nc3d5 Kf8
30.Rg3h3 h5
31.Bg2e4 Ne6g5
32.Be3xg5 { resign }
1-0

[Event "Tourn. n9505"]
[Site "www.chess-mail.com"]
[Date "2017.10.11"]
[Round "1"]
[White "Libiesse"]
[Black "Odin"]
[WhiteElo "1780"]
[BlackElo "1790"]
[Result "0-1"]
[Round "1"]
1.d4 d5
2.c4 g6
3.cxd5 Qd8xd5
4.Nb1c3 Qd5d8
5.Bc1f4 c6
6.Ng1f3 Bf8g7
7.e3 Bc8g4
8.Bf1e2 Ng8f6
9.O-O Nb8d7
10.Qd1b3 Qd8b6
11.Qb3c2 O-O
12.h3 Bg4xf3
13.Be2xf3 Ra8c8
14.Ra1b1 Rf8e8
15.b4 a6
16.Nc3a4 Qb6a7
17.Rb1b3 b5
18.Na4c5 Nf6d5
19.Bf4h2 Nd7b6
20.Nc5d3 e6
21.Rf1c1 Nb6c4
 { time }
0-1

[Event "Tourn. n9508"]
[Site "www.chess-mail.com"]
[Date "2017.10.11"]
[Round "1"]
[White "Prize64"]
[Black "Libiesse"]
[WhiteElo "1740"]
[BlackElo "1780"]
[Result "1-0"]
[Round "1"]
1.e4 c5
2.Ng1f3 e6
3.c3 d5
4.exd5 exd5
5.d4 Ng8f6
6.h3 Bf8e7
7.Bc1e3 O-O
8.Bf1d3 Nb8c6
9.O-O Bc8e6
10.dxc5 Qd8c7
11.Nb1d2 Ra8d8
12.Nd2b3 h6
13.Nf3d4 Be6d7
14.Qd1f3 Nc6e5
15.Qf3e2 Ne5xd3
16.Qe2xd3 Nf6e4
17.Nd4b5 Qc7b8
18.c6 Bd7xc6
19.Nb5xa7 Rf8e8
20.Na7xc6 bxc6
21.f3 Ne4g3
22.Rf1e1  { time }
1-0

[Event "Tourn. n9547"]
[Site "www.chess-mail.com"]
[Date "2017.10.11"]
[Round "1"]
[White "Apdash"]
[Black "Tonino1"]
[WhiteElo "2070"]
[BlackElo "2170"]
[Result "1/2-1/2"]
[Round "1"]
1.e4 d6
2.d4 Ng8f6
3.Nb1c3 g6
4.f4 Bf8g7
5.Bf1e2 O-O
6.Bc1e3 c6
7.Ng1f3 Qd8c7
8.Nf3g5 h6
9.Ng5f3 Nf6g4
10.Be3g1 e5
11.h3 Ng4f6
12.fxe5 dxe5
13.Nf3xe5 Rf8e8
14.Bg1h2 Qc7b6
15.Ra1b1 Nb8d7
16.Ne5xd7 Bc8xd7
17.Bh2e5 Ra8d8
18.Qd1d3 Bd7e6
19.Qd3f3 Nf6h7
20.Be5xg7 Kxg7
21.Be2d3 f5
22.O-O Qb6xd4
23.Kh1 fxe4
24.Bd3xe4 Nh7g5
25.Qf3d3 Ng5xe4
26.Qd3xe4 Qd4xe4
27.Nc3xe4 Be6xh3
28.Ne4f6 Bh3xg2
29.Kxg2 Rd8d2
30.Kg3 Re8e2
31.Nf6g4 Rd2xc2
32.Rf1f2 h5
33.Rf2xe2 Rc2xe2
34.Ng4f2 h4
35.Kf3 Re2e7
36.Nf2e4 Kh6
37.Rb1g1 Re7e5
38.Kf4 Re5b5
39.Rg1g2 h3
40.Rg2h2 g5
41.Kg4 Rb5b4
42.Rh2xh3 Kg6
43.Rh3e3 Rb4xb2
44.a3 Rb2g2
45.Kf3 Rg2a2
46.Kg4 b5
47.Ne4c5 Ra2c2
48.Re3e6 Kf7
49.Re6xc6 Rc2c3
50.Kxg5 Rc3xa3
51.Kf5 Ra3f3
52.Ke4 Rf3a3
53.Kd4 a5
54.Nc5d3 b4
55.Rc6b6 Ra3a1
56.Nd3c5 Ra1d1
57.Kc4 Rd1b1
58.Rb6a6 Rb1c1
59.Kb5 Rc1c3
60.Ra6xa5 b3
61.Ra5a1 b2
62.Ra1b1 Rc3c2
63.Nc5a4 Ke6
64.Na4xb2 Ke5
65.Nb2c4 Kd4
66.Rb1d1 Kc3
67.Rd1h1 Kd4
68.Rh1h4 Kd3
69.Nc4e5 Ke3
70.Kb4 Rc2c8
71.Kb3 Rc8c7
72.Ne5c4 Kd3
73.Nc4b2 Ke3
74.Nb2d1 Kd3
75.Nd1f2 Ke3
76.Nf2h3 Kd3
77.Nh3f4 Kd2
78.Nf4d5 Rc7c8
79.Rh4h3 Ke2
80.Rh3e3 Kd2
81.Re3h3 Ke2
{ draw }
1/2-1/2

[Event "Tourn. n9495"]
[Site "www.chess-mail.com"]
[Date "2017.10.11"]
[Round "1"]
[White "Jackbauer"]
[Black "Falcoale"]
[WhiteElo "1930"]
[BlackElo "2020"]
[Result "0-1"]
[Round "1"]
1.e4 c5
2.f4 e6
3.Ng1f3 Nb8c6
4.Nb1c3 a6
5.a3 b6
6.Bf1e2 Bc8b7
7.O-O Ng8f6
8.d3 d5
9.h3 Bf8e7
10.e5 Nf6d7
11.Kh1 O-O
12.Qd1e1 Rf8e8
13.Qe1g3 Nd7f8
14.Bc1d2 Nf8g6
15.h4 Nc6d4
16.Be2d1 Nd4xf3
17.Bd1xf3 Ng6xh4
18.Kg1 Nh4xf3
19.Qg3xf3 Ra8b8
20.Qf3g4 b5
21.Nc3e2 Bb7c8
22.Ne2g3 f5
23.Qg4h3 Bc8b7
24.Rf1f3 d4
25.Ng3h5 Bb7xf3
26.Qh3xf3 c4
27.Qf3g3 g6
28.Nh5f6 Be7xf6
29.Kf2 Bf6h4
30.Ra1h1 Bh4xg3
{ resign }
0-1

[Event "Tourn. n9502"]
[Site "www.chess-mail.com"]
[Date "2017.10.11"]
[Round "1"]
[White "Coolant"]
[Black "Sachpat"]
[WhiteElo "2290"]
[BlackElo "2800"]
[Result "0-1"]
[Round "1"]
1.Nb1c3 d5
2.d4 Ng8f6
3.Bc1g5 Nb8d7
4.Qd1d3 c5
5.Ng1f3 c4
6.Qd3d2 Qd8b6
7.Ra1b1 e6
8.a3 Nf6e4
9.Nc3xe4 dxe4
10.Nf3e5 f6
11.Ne5xd7 Bc8xd7
12.Bg5f4 Bf8xa3
13.c3 O-O
14.e3 Rf8c8
15.Qd2c2 Ba3e7
16.Qc2xe4 Bd7e8
17.Qe4c2 Be8g6
18.e4 Qb6c6
19.f3 f5
20.e5 Be7h4
21.g3 Qc6xf3
22.Bf1g2 Qf3xf4
23.Bg2xb7 Qf4e3
24.Qc2e2 Bh4g5
25.Qe2xe3 Bg5xe3
26.Rb1a1 Bg6h5
27.h3 Rc8e8
28.Bb7xa8 Re8xa8
29.Ra1a4 Bh5f3
30.Rh1h2 f4
31.gxf4 Be3xf4
32.Rh2c2 Bf4g3
{ resign }
0-1

[Event "Tourn. n9533"]
[Site "www.chess-mail.com"]
[Date "2017.10.11"]
[Round "1"]
[White "Dussek"]
[Black "Caspito"]
[WhiteElo "1810"]
[BlackElo "1870"]
[Result "0-1"]
[Round "1"]
1.d4 g6
2.Ng1f3 Bf8g7
3.e4 d5
4.e5 Bc8g4
5.Bf1e2 Bg4xf3
6.Be2xf3 e6
7.Nb1c3 Nb8c6
8.O-O Ng8e7
9.Bc1g5 h6
10.Bg5f6 Bg7xf6
11.exf6 Ne7f5
12.Rf1e1 Nf5xd4
13.Bf3xd5 Qd8d6
14.Bd5xc6 bxc6
15.Nc3e4 Qd6d5
16.c3 Nd4f5
17.Qd1c2 Nf5h4
18.Ra1d1 Qd5f5
19.Qc2d3 O-O
20.Qd3g3 g5
21.Qg3xc7 Kh7
22.Qc7xc6 Rf8g8
23.Rd1d7 Qf5g4
24.Rd7xf7 Kg6
25.Rf7g7 Rg8xg7
26.Ne4g3 Rg7g8
27.h3 Qg4f4
28.Qc6xe6 Rg8f8
29.f7 Qf4f6
30.Qe6d5 Qf6xf7
31.Re1e6 Kg7
32.Qd5e5 Kg8
33.Re6xh6 Nh4g6
34.Qe5e3 Ng6f4
35.Qe3e5 Qf7g7
36.Qe5d6 Ra8d8
37.Qd6c6 Rd8c8
38.Qc6d6 Rc8d8
39.Qd6c6 Rd8d2
40.Qc6c4 Rf8f7
41.Qc4c8 Rf7f8
42.Qc8c4 Nf4d5
43.Qc4c6 Nd5f6
44.Ng3f5 Qg7f7
45.Nf5d6 Qf7e6
46.Rh6g6 Kh7
47.Rg6xg5 Rd2xd6
48.Qc6c7 Rd6d7
49.Qc7g3 Rd7d1
50.Kh2 Kh8
51.Qg3h4 Nf6h7
52.Rg5h5 Rf8f7
53.Rh5h6 Qe6e5
54.g3 Rf7xf2
{ resign }
0-1

[Event "Tourn. n9566"]
[Site "www.chess-mail.com"]
[Date "2017.10.11"]
[Round "1"]
[White "Bojan"]
[Black "Panham"]
[WhiteElo "2010"]
[BlackElo "2260"]
[Result "0-1"]
[Round "1"]
1.e4 e5
2.Ng1f3 Nb8c6
3.c3 d5
4.exd5 Qd8xd5
5.h3 e4
6.Nf3h2 Ng8f6
7.Qd1e2 Bc8e6
8.d3 exd3
9.Qe2xd3 O-O-O
10.Qd3xd5 Be6xd5
11.Bc1e3 Bf8d6
12.Nb1d2 Rh8e8
13.Nh2g4 Nf6xg4
14.hxg4 h6
15.Nd2f3 Bd6f4
16.Ke2 Bd5c4
17.Ke1 Re8xe3
18.fxe3 Bf4g3
{ resign }
0-1

[Event "Tourn. n9492"]
[Site "www.chess-mail.com"]
[Date "2017.10.11"]
[Round "1"]
[White "Tartan"]
[Black "Stepanpech"]
[WhiteElo "2460"]
[BlackElo "2570"]
[Result "1-0"]
[Round "1"]
1.d4 d5
2.Ng1f3 Ng8f6
3.Bc1f4 c5
4.e3 Nb8c6
5.c3 Qd8b6
6.Qd1c1 Bc8f5
7.Nb1d2 e6
8.Nf3h4 Bf5g6
9.Nh4xg6 hxg6
10.Bf1e2 Qb6d8
11.O-O Bf8d6
12.dxc5 Bd6xc5
13.Nd2f3 Bc5d6
14.Be2b5 Ra8c8
15.Qc1d2 Nf6e4
16.Bb5xc6 bxc6
17.Qd2d4 O-O
18.Bf4xd6  { time }
1-0

[Event "Tourn. n9566"]
[Site "www.chess-mail.com"]
[Date "2017.10.11"]
[Round "1"]
[White "Apdash"]
[Black "Bojan"]
[WhiteElo "2180"]
[BlackElo "2010"]
[Result "1-0"]
[Round "1"]
1.e4 e5
2.f4 exf4
3.Ng1f3 d6
4.d4 Ng8f6
5.Nb1c3 h6
6.Bc1xf4 Nf6h5
7.Bf4e3 g6
8.Bf1d3 Bf8e7
9.Nc3e2 c6
10.c4 Nh5g7
11.Qd1c2 Bc8d7
12.Ne2g3 Nb8a6
13.a3 Qd8a5
14.Be3d2 Qa5c7
15.e5 dxe5
16.Nf3xe5 Bd7e6
17.O-O g5
18.Ra1e1 Ra8d8
19.Bd2c3 Be7d6
20.Ne5xf7 Rh8f8
21.Bd3g6 Bd6xg3
22.hxg3 Kd7
23.Nf7xd8 Rf8xd8
24.d5 cxd5
25.Bc3xg7 Qc7b6
26.Kh1 Na6c5
27.b4 Nc5e4
28.Bg6xe4 dxe4
29.Re1d1 Kc8
30.Rd1xd8 Kxd8
31.Qc2xe4 Be6d7
32.Qe4e5 Qb6g6
33.Rf1f8 { resign }
1-0

[Event "Tourn. n9492"]
[Site "www.chess-mail.com"]
[Date "2017.10.11"]
[Round "1"]
[White "Piriot"]
[Black "Stepanpech"]
[WhiteElo "2470"]
[BlackElo "2570"]
[Result "1-0"]
[Round "1"]
1.Ng1f3 Ng8f6
2.d4 g6
3.Nb1c3 d5
4.Bc1f4 Bf8g7
5.e3 O-O
6.Bf1d3 c5
7.O-O cxd4
8.exd4 Nb8c6
9.h3 Bc8f5
10.Rf1e1 Bf5xd3
11.Qd1xd3 e6
12.Qd3b5 Nf6h5
13.Bf4e5 Qd8d7
14.Be5h2 Ra8c8
15.Ra1c1  { time }
1-0

[Event "Tourn. n9565"]
[Site "www.chess-mail.com"]
[Date "2017.10.11"]
[Round "1"]
[White "Luban"]
[Black "Fantomas"]
[WhiteElo "2130"]
[BlackElo "2200"]
[Result "0-1"]
[Round "1"]
1.d4 Ng8f6
2.c4 g6
3.e3 Bf8g7
4.Ng1f3 O-O
5.Nb1c3 b6
6.Bf1e2 Bc8b7
7.O-O d5
8.cxd5 Nf6xd5
9.Qd1c2 Nd5b4
10.Qc2b3 Nb4d5
11.Bc1d2 e6
12.a3 Nb8c6
13.e4 Nc6a5
14.Qb3c2 Nd5e7
15.Ra1d1 Rf8e8
16.Bd2f4 a6
17.b4 Na5c6
18.Rf1e1 Qd8c8
19.Be2c4 Nc6a7
20.h3 c6
21.Bc4b3 Na7b5
22.a4 Nb5xc3
23.Qc2xc3 Qc8d7
24.Nf3e5 Qd7c8
25.Qc3f3 Re8f8
26.Ne5g4 h5
27.Ng4h6 Kh7
28.Bf4d6 Qc8e8
29.Bd6xe7 Qe8xe7
30.Nh6f5 exf5
31.exf5 Qe7d6
32.Bb3xf7 Rf8xf7
33.g4 gxf5
34.gxf5 Qd6h6
35.Re1e6 Qh6g5
{ resign }
0-1

[Event "Tourn. n9495"]
[Site "www.chess-mail.com"]
[Date "2017.10.11"]
[Round "1"]
[White "Attatroll"]
[Black "Jackbauer"]
[WhiteElo "2000"]
[BlackElo "1930"]
[Result "1/2-1/2"]
[Round "1"]
1.d4 d5
2.c4 e5
3.dxe5 d4
4.e3 Bf8b4
5.Bc1d2 dxe3
6.Bd2xb4 exf2
7.Ke2 Bc8g4
8.Ng1f3 Nb8c6
9.Qd1xd8 Ra8xd8
10.Kxf2 Nc6xb4
11.Nb1c3 Ng8e7
12.Nc3b5 Bg4xf3
13.gxf3 Nb4c6
14.Nb5xc7 Kd7
15.Nc7d5 Ne7xd5
16.cxd5 Nc6xe5
17.Bf1b5 Kd6
18.Rh1g1 g6
19.Rg1e1 a6
20.Bb5f1 Rd8c8
21.Ra1c1 f6
22.Ke2 Ne5c4
23.b3 Nc4b6
24.Bf1h3 Rc8xc1
25.Re1xc1 Rh8e8
26.Kd3 Nb6xd5
27.Kd4 b6
28.Rc1c2 Nd5f4
29.Bh3f1 a5
30.Bf1b5 Nf4e6
31.Kd3 Ne6f4
32.Kd4 Nf4e6
33.Kd3 Ne6c5
34.Kd2 Re8e5
35.Rc2c4 g5
36.Rc4d4 Re5d5
37.Kc3 Ke5
38.Rd4xd5 Kxd5
39.h3 h5
40.Bb5e2 h4
41.a4 f5
42.Be2d1 Nc5e6
{ draw }
1/2-1/2

[Event "Match"]
[Site "www.echecsemail.com"]
[Date "2017.10.11"]
[Round "1"]
[White "Bjonil60"]
[Black "Begory"]
[WhiteElo "1430"]
[BlackElo "999"]
[Result "0-1"]
[Round "1"]
1.d4 d5
2.Ng1f3 Bc8f5
3.g3 Nb8c6
4.a3 e6
5.h3 Bf8d6
6.g4 Bf5e4
7.Bf1g2 Be4xf3
8.Bg2xf3 Qd8f6
9.h4 Qf6g6
10.g5 O-O-O
11.O-O h6
12.e3 hxg5
13.hxg5 Qg6xg5
14.Bf3g2 Qg5h6
15.f3 Qh6h2
16.Kf2 Qh2g3
17.Kg1 Qg3h2
18.Kf2 Bd6g3
19.Ke2 Qh2xg2
20.Kd3 e5
21.Nb1c3 exd4
22.exd4 Rh8h3
23.Rf1g1 Qg2f2
24.Bc1e3 Qf2h2
25.Rg1f1 Bg3f4
26.Be3xf4 Qh2xf4
27.Nc3e2 Rh3xf3
28.Rf1xf3 Qf4xf3
29.Kd2 Rd8e8
30.Ne2g1 Qf3f4
31.Kd3 Re8e3
32.Kd2 Re3xa3
33.Ke1 Ra3e3
34.Kd2 Re3f3
35.Ke2 Rf3f2
36.Kd3 Qf4xd4

0-1